000 00806nam a2200217 i 4500
001 34871
003 ES-MaACL
005 20251015063049.0
007 t|
008 030211s1945 ag ||||1| spa d
100 1 _aBossuet, Jacques Bénigne,
_d1627-1704
_930723
245 1 0 _aHistoria de las variaciones de las iglesias protestantes /
_cJacques Bénigne Bossuet ; [versión revisada de la traducción de Juan Díaz de Baeza].
260 _aBuenos Aires :
_bDifusión,
_c[1945] (
_fF. Kellermann)
300 _a696 p. ;
_c23 cm.
490 1 _aObras maestras del catolicismo
650 0 4 _aProtestantismo-
_xHistoria.
_916523
700 1 _aDíaz de Baeza, Juan.
_944215
830 0 _aObras maestras del catolicismo
_9229518
852 _aES-MaACL
_jD-7304
_bR.28603
999 _c34871
_d34871